000 00760nam a2200253 i 4500
001 bg
245 7 0 _aSecond language teacher education /
_cedited by Jack C. Richards and David Nunan.
250 _a[4th print.].
260 _aCambridge :
_bCambridge Univ. Press,
_c1994.
300 _aXII, 340 s. ;
_c23 cm.
490 1 _aCambridge Language Teaching Library
504 _aBibliogr. s. 313-328. - Indeks.
650 9 _aJęzyk
_xnauczanie
_xmetody
700 1 _aRICHARDS, Jack C.
_eRed.
700 1 _aNUNAN, David.
_eRed.
830 _aCambridge Language Teaching Library
020 _a0521387795
040 _cBPK
041 0 _aen
080 _a800.7:371.3
920 _a0-521-38779-5
942 _cKS
008 s pl f |000 0 pol
999 _c30261
_d30261
856 _uhttp://koha.tu.koszalin.pl/cgi-bin/koha/opac-detail.pl?biblionumber=30261
_yKatalog online BPK